000 00304nam a2200133Ia 4500
005 20260328101521.0
008 260328s9999||||xx |||||||||||||| ||und||
100 _aKlee, Paul
245 0 _aTheorie de l'art Moderne /
_cPaul Klee
260 _bGonthier
300 _a172 p.
650 _aARTE
942 _cBK
999 _c9610
_d9610